000 002360000a22000970004500
245 1 0 _aTen Green Bottles: Sing-along books, il. Frank Endersby
260 _aVietnam: Parragon
300 _a[ 12 p. ]
500 _aTexto pasta dura
001 524
999 _c47735
_d47735